| 000 | 00616cam a22002057a 4500 | ||
|---|---|---|---|
| 001 | 001258 | ||
| 003 | armpunfd | ||
| 005 | 20140612090635.0 | ||
| 008 | 030520e0####xx#a##########000#0#und#d | ||
| 040 |
_aarmpunfd _carmpunfd |
||
| 080 | _a347.65 : 34(37) | ||
| 100 | 1 | 0 | _a Mojer, Mario A. |
| 245 | 1 | 0 | _aSuccessi : derecho hereditario romano |
| 260 |
_aA Pampa : Universidad Nacional De La Pampa _b200?. Isbn : 950-863-020-5. 102 P. |
||
| 650 | 7 |
_a Derecho Hereditario _2LEMB |
|
| 650 | 7 |
_a Derecho Romano _2LEMB |
|
| 650 | 7 |
_a Derecho Sucesorio _2LEMB |
|
| 942 |
_cLB _2cdu |
||
| 945 |
_aCatalis _d2010-08-19 |
||
| 999 |
_c1249 _d231753 |
||